000 00397nam a2200157Ia 4500
008 230711s9999||||xx |||||||||||||| ||und||
041 _aENG
082 _a620.08
_bGR-F
100 _aGranet Irving
245 0 _aFluid mechanics for engineering technology
250 _a2nd Ed.
260 _c1981
_aNew Delhi
_bPrentice-Hall Ltd
300 _a385
650 _aMechanical Engineering
942 _cBK
999 _c1687
_d1687